Business Process Management: Blockchain, Robotic Process Automation, Central and Eastern European, Educators and Industry Forum (Record no. 56873)
[ view plain ]
| 000 -LEADER | |
|---|---|
| fixed length control field | 00911nam a2200265Ia 4500 |
| 005 - DATE AND TIME OF LATEST TRANSACTION | |
| control field | 20260601193256.0 |
| 008 - FIXED-LENGTH DATA ELEMENTS--GENERAL INFORMATION | |
| fixed length control field | 260601s9999||||xx |||||||||||||| ||und|| |
| 020 ## - INTERNATIONAL STANDARD BOOK NUMBER | |
| International Standard Book Number | 978-3-031-70445-1 |
| Qualifying information | ebk |
| 100 ## - MAIN ENTRY--PERSONAL NAME | |
| Personal name | Claudio Di Ciccio |
| 245 #0 - TITLE STATEMENT | |
| Title | Business Process Management: Blockchain, Robotic Process Automation, Central and Eastern European, Educators and Industry Forum |
| 250 ## - EDITION STATEMENT | |
| Edition statement | 2024 |
| 260 ## - PUBLICATION, DISTRIBUTION, ETC. | |
| Place of publication, distribution, etc. | Heidelberg, Germany |
| Name of publisher, distributor, etc. | Springer Nature |
| Date of publication, distribution, etc. | 2024 |
| 440 ## - SERIES STATEMENT/ADDED ENTRY--TITLE | |
| Title | Lecture Notes in Business Information Processing |
| 650 ## - SUBJECT ADDED ENTRY--TOPICAL TERM | |
| Topical term or geographic name entry element | Computer Science |
| 700 ## - ADDED ENTRY--PERSONAL NAME | |
| Personal name | Daniel Amyot |
| 700 ## - ADDED ENTRY--PERSONAL NAME | |
| Personal name | Gregor Polan?i? |
| 700 ## - ADDED ENTRY--PERSONAL NAME | |
| Personal name | Henrik Leopold |
| 700 ## - ADDED ENTRY--PERSONAL NAME | |
| Personal name | Katarina Tomi?i?-Pupek |
| 700 ## - ADDED ENTRY--PERSONAL NAME | |
| Personal name | Michal Kr?�l |
| 700 ## - ADDED ENTRY--PERSONAL NAME | |
| Personal name | Monika Malinova Mandelburger |
| 700 ## - ADDED ENTRY--PERSONAL NAME | |
| Personal name | Simone Agostinelli |
| 700 ## - ADDED ENTRY--PERSONAL NAME | |
| Personal name | Walid Fdhila |
| 856 ## - ELECTRONIC LOCATION AND ACCESS | |
| Uniform Resource Identifier | <a href="https://link.springer.com/openurl?genre=book&isbn=978-3-031-70445-1">https://link.springer.com/openurl?genre=book&isbn=978-3-031-70445-1</a> |
| 942 ## - ADDED ENTRY ELEMENTS (KOHA) | |
| Koha item type | E-Book |
| Source of classification or shelving scheme | Dewey Decimal Classification |
| Withdrawn status | Lost status | Source of classification or shelving scheme | Damaged status | Not for loan | Home library | Current library | Shelving location | Date acquired | Source of acquisition | Total Checkouts | Barcode | Date last seen | Uniform Resource Identifier | Price effective from | Koha item type | Public note |
|---|---|---|---|---|---|---|---|---|---|---|---|---|---|---|---|---|
| Dewey Decimal Classification | LRC, IIT Indore | LRC, IIT Indore | Online | 31/03/2025 | PO No. : LRC/ER/2024/AP-05/PO-32, dt.22.03.2024; Vendor : Springer Customer Service Center Gmbh, Heidelberg, Germany; Bill No.: 2939532724, dt.26.03.2024 ; Price: Set Price (see Accession No. EB8052) | EB9186 | 01/06/2026 | https://link.springer.com/openurl?genre=book&isbn=978-3-031-70445-1 | 31/03/2025 | E-Book | One time purchase (Perpetual access) |
